000 00578nam a2200181Ia 4500
008 100920s9999 xx 000 0 und d
082 _b51621
_a891.464 0
100 _aराजाद्यक्ष विजया.
245 _aसंवाद.
260 _bग्रंथाली, अभिनव वाचक-चळवळ नेहरूनगर मुंबई 24.
_c0
300 _a287
_bसाधी
365 _b50
520 _aनिबंध.
630 _aसंवाद.
650 _aनिबंध.
730 _aसंवाद.
942 _cBOOK
999 _c697312
_d697309